000 01257nam a2200325 a 4500
001 BRCA_4912
005 20190320204845.0
008 770516s1879####fr-a######---#000-0#fre-#
041 _afre
044 _afr
050 4 _aNK7162
_b.D38 1879
100 1 _aDavillier, Jean Charles
_cbarón
_d1823-1883
_912438
245 1 0 _aRecherches sur l´orfévrerie en Espagne au Moyen age et a la Renaissance
_bdocuments inédits tirés des archives espagnoles
_cpar le barón Ch. Davillier.
260 _aParís
_bA. Quantin
_c1879
300 _a286 p.
_bil., 19 láminas
_c33 cm.
500 _aDix-neuf planches gravées leau-forte daprès danciens dessins de maitrise, dessins dans le texte par fortuny, Édouard de Beaumont, Madrazo, etc.
500 _aEdición con cantos dorados
500 _aEjemplar numerado 63 de 500
500 _aEjemplar impreso sobre papel Holandés
500 _aEstado físico: perdida de plano
500 _aDD2
650 1 4 _aOrfebrería
_xHistoria
_zEspaña
_912439
650 1 4 _aPlatería
_xHistoria
_zEspaña
_912440
650 1 4 _aArte
_xIndustria y comercio
_97236
650 1 4 _aArtes decorativas
_zEspaña
_911687
650 1 4 _aArte medieval
_911014
650 1 4 _aArte renacentista
_97760
902 _aGFM
942 _2lcc
_cB
999 _c4606
_d4606